Word 2.0 para Windows: Winword 2.0
保存先:
| 主要な著者: | , |
|---|---|
| フォーマット: | 図書 |
| 言語: | スペイン語 |
| 出版事項: |
Madrid
McGraw-Hill
1993
|
| 主題: | |
| タグ: |
タグ追加
タグなし, このレコードへの初めてのタグを付けませんか!
|
MARC
| LEADER | 00000nam a2200000 a 4500 | ||
|---|---|---|---|
| 001 | UCX8496 | ||
| 003 | CL-VaPUC | ||
| 008 | 940407e19930000SP |||||||||||||||||spa|d | ||
| 082 | 0 | 4 | |a 005.369 |b SKI |2 21 |
| 100 | 0 | |a Skinner, Alan |e author |9 325621 | |
| 700 | 0 | |a Skinner, Linda |e author |9 325622 | |
| 245 | 1 | 0 | |a Word 2.0 para Windows: Winword 2.0 |
| 300 | |a 346 p | ||
| 942 | |c BK | ||
| 945 | |d 19940407 00:00:00 |a mfernand | ||
| 260 | |a Madrid |b McGraw-Hill |c 1993 | ||
| 650 | 0 | |a Word |9 264147 | |
| 650 | 7 | |a PROGRAMA PARA COMPUTADOR |2 CL-VaPUC |9 263712 | |
| 650 | 0 | |a Windows |9 324619 | |
| 583 | |a last modification |c 19940407 00:00:00 |k Rodrigo Vera | ||
| 999 | |c 227979 |d 227977 | ||
| 952 | |0 0 |1 0 |4 0 |6 005_369000000000000_SKI_1993 |7 0 |8 A |9 227507 |a BIBING |b BIBING |d 2019-11-15 |i 296824K |o 005.369 SKI 1993 |p 296824K |r 2025-01-20 |w 2019-11-15 |y BK |k EIQ | ||